Guess the kdrama by the character! - Statistics

General Stats
  • This quiz has been taken 1,076 times
  • The average score is 9 of 16
Answer Stats
Picture Answer % Correct
Squid game
98%
Vincenzo
88%
All of us are dead
83%
True beauty
83%
Hotel del luna
70%
The glory
70%
Crash landing on you
69%
Goblin
57%
Hwarang
54%
The uncanny counter
47%
Little women
43%
Bad and crazy
37%
Flower of evil
35%
Its okay not to be okay
33%
Money heist korea
33%
Gyeongseong creature
24%
No matching quizzes found
Score Distribution
Percent of People with Each Score
Percentile by Number Answered
Your Score History
You have not taken this quiz